Statistiques concernant Anagrammes - Prénoms masculins - Série 07

Cliquez ici pour prendre le quiz!

Statistiques générales

  • Ce quiz a été pris 108 fois
  • Le résultat moyen est 8 sur 10

Statistiques - réponses

AnagrammePrénom% Correct
CARMMarc
99%
NOELLéon
99%
HEVREHervé
98%
MINODIQUEDominique
93%
VIXERAXavier
87%
ETONNAIAntoine
80%
BONITEBenoit
73%
HERODOTEThéodore
70%
HAPLERARaphael
63%
CLIENTESCelestin
20%

Distribution des résultats

Percentile par nombre de réponses

% des personnes avec chaque résultat

Votre développement - résultats

Vous n’avez pas pris ce quiz